| 000 | 00825nam a22001935i 4500 | ||
|---|---|---|---|
| 001 | 157034 | ||
| 003 | ES-MaACL | ||
| 005 | 20250824053617.0 | ||
| 008 | 020514s1879 sp |||| | spa d | ||
| 040 |
_aCAM _bspa _cCAM |
||
| 100 | 1 |
_aLanzarot y Herrero, José. _9128680 |
|
| 245 | 1 | 3 |
_aLa espada y la oliva _b: poema lírico-dramático en un acto y dos cuadros / _coriginal de José Lanzarot y Herrero. |
| 260 |
_aMadrid : _bEnrique Arregui, editor, _c1879 ( _fImprenta á cargo de Ignacio Moraleda) |
||
| 300 |
_a28 p. ; _c19 cm. |
||
| 490 | 1 | _aBiblioteca Lírico-Dramática | |
| 830 | 0 | 0 |
_aBiblioteca lírico-dramática _9188055 |
| 852 |
_aES-MaACL _jT-318-F-11 _z-- Enc. hol. _z-- Ded. ms. del autor al bibliotecario del Ateneo _q-- Falto de la cub. original _z-- Enc. en un vol. facticio |
||
| 999 |
_c157034 _d157034 |
||